Guess the Taylor Swift song 1 - Statistics

General Stats
  • This quiz has been taken 27 times
  • The average score is 218 of 341
Answer Stats
% Correct
I
95%
it
95%
It
95%
me
95%
you
95%
You
95%
for
90%
love
90%
the
90%
to
90%
a
85%
an
85%
hear
85%
my
85%
your
85%
You're
85%
And
80%
be
80%
in
80%
is
80%
men
80%
never
80%
Never
80%
of
80%
got
75%
her
75%
I'm
75%
like
75%
Like
75%
they
75%
up
75%
We
75%
When
75%
But
70%
Now
70%
thought
70%
by
65%
could
65%
did
65%
down
65%
have
65%
if
65%
know
65%
Oh
65%
said
65%
that
65%
This
65%
this
65%
was
65%
all
60%
had
60%
I'd
60%
I'll
60%
Just
60%
one
60%
some
60%
cowboy
55%
here
55%
I've
55%
our
55%
thing
55%
With
55%
again
50%
Eyes
50%
from
50%
gonna
50%
car
45%
sleeve
45%
tricks
45%
wanted
45%
way
45%
good
40%
Only
40%
their
40%
things
40%
those
40%
wanna
40%
about
35%
airport
35%
anything
35%
asked
35%
bandit
35%
both
35%
court
35%
covered
35%
dance
35%
dancin'
35%
dark
35%
fancy
35%
folks
35%
forward
35%
full
35%
game
35%
life
35%
meet
35%
old
35%
pay
35%
phone
35%
rich
35%
Takes
35%
Tellin'
35%
Telling
35%
tennis
35%
Babylon
30%
bar
30%
before
30%
believe
30%
closets
30%
dangerous
30%
Gardens
30%
hang
30%
hard
30%
lips
30%
Perched
30%
Really
30%
sitting
30%
skeletons
30%
stars
30%
tent-like
30%
waiting
30%
bed
25%
con
25%
Forever
25%
Hustling
25%
locked
25%
Plotted
25%
sweetest
25%
swindled
25%
through
25%
town
25%
beneath
20%
boots
20%
fuck
20%
passed
20%
ladies
15%
stories
15%
lunching
10%
No matching quizzes found
Score Distribution
Percent of People with Each Score
Percentile by Number Answered
Your Score History
You have not taken this quiz